Manual de internet y redes sociales (Registro nro. 9100)
[ vista simple ]
| 000 -CABECERA | |
|---|---|
| campo de control de longitud fija | 00959ntm a22003497a 4500 |
| 005 - FECHA Y HORA DE ACTUALIZACIÓN | |
| campo de control | 20230613171559.0 |
| 008 - LONGITUD FIJA | |
| campo de control de longitud fija | 170321b2015 xxu||||| |||| 00| 0 spa d |
| 020 ## - INTERNATIONAL STANDARD BOOK NUMBER | |
| Número Internacional Estándar del Libro | 9788490852392 |
| 041 ## - IDIOMA | |
| Código de idioma del texto/pista de sonido o título separado | Español |
| 082 ## - CLASIFICACIÓN DECIMAL DEWEY | |
| Número de clasificación | 004.67 S227m |
| 100 ## - AUTOR PERSONAL | |
| Nombre de persona | Sanjurjo Rebollo, Beatriz |
| 245 ## - TÍTULO PROPIAMENTE DICHO | |
| Título | Manual de internet y redes sociales |
| 260 ## - PIE DE IMPRENTA | |
| Lugar de publicación, distribución, etc. | España |
| 260 ## - PIE DE IMPRENTA | |
| Nombre del editor, distribuidor, etc. | Dykinson |
| 260 ## - PIE DE IMPRENTA | |
| Fecha de publicación, distribución, etc. | 2015 |
| 300 ## - DESCRIPCIÓN FÍSICA | |
| Extensión | 540 páginas |
| 650 ## - Materia General | |
| Materia general | INTERNET |
| 650 ## - Materia General | |
| Materia general | REDES SOCIALES |
| 650 ## - Materia General | |
| Materia general | PÁGINAS WEB |
| 650 ## - Materia General | |
| Materia general | BLOGS |
| 650 ## - Materia General | |
| Materia general | APPS |
| 650 ## - Materia General | |
| Materia general | PROTECCIÓN DE DATOS |
| 650 ## - Materia General | |
| Materia general | DELITOS |
| 650 ## - Materia General | |
| Materia general | PERIODISMO DIGITAL |
| 650 ## - Materia General | |
| Materia general | PROPIEDAD INTELECTUAL |
| 650 ## - Materia General | |
| Materia general | AUDIOVISUALES |
| 650 ## - Materia General | |
| Materia general | PUBLICIDAD DIGITAL |
| 650 ## - Materia General | |
| Materia general | MARKETING ONLINE |
| 650 ## - Materia General | |
| Materia general | ECOMMERCE |
| 650 ## - Materia General | |
| Materia general | NOTIFICACIONES DIGITALES |
| 942 ## - Punto de Acceso Adicional Koha | |
| Tipo de ítem Koha | Libro |
| Estado perdido | Estado dañado | No para préstamo | Biblioteca permanente | Biblioteca actual | Signatura completa | Código de barras | Tipo de ítem |
|---|---|---|---|---|---|---|---|
| Departamento de Biblioteca y Documentación Alfonso Chase Brenes | Departamento de Biblioteca y Documentación Alfonso Chase Brenes | 004.67 S227m | 21661 | Libro |